000 00417nam a2200181Ia 4500
005 20250603144425.0
008 250603s9999 xx 000 0 und d
020 _a0582643708
050 _aHC 800 .P65/
100 _aAke, Claude
245 2 _aA political economy of Africa
260 _aNigeria
260 _bLongman group limited
260 _c2008
300 _a196 p
650 _aNigeria
942 _cBK
999 _c38874
_d38874